[Event "XIII Luigi Serra"]
[Site "Montecatini Terme ITA"]
[Date "2006.07.06"]
[Round "7"]
[White "Brunello,S"]
[Black "Cornette,M"]
[Result "1-0"]
[WhiteElo "2391"]
[BlackElo "2447"]

1.e4 c5 2.Nf3 e6 3.d4 cxd4 4.Nxd4 Nc6 5.Nc3 Qc7 6.Be3 Nf6 7.Qd2 Nxd4 8.Bxd4 e5
9.Be3 Bb4 10.f3 d6 11.O-O-O O-O 12.a3 Bxc3 13.Qxc3 Qxc3 14.bxc3 Rd8 15.Bc4 Be6
16.Bb3 h6 17.Rd2 Kf8 18.Rhd1 Ke7 19.a4 a5 20.c4 Rdc8 21.Rxd6 Bxc4 22.Rb6 Ba6
23.Rbd6 Bc4 24.Kb2 b5 25.Bxc4 Rxc4 26.axb5 Rb4+ 27.Ka3 Rxb5 28.c4 Rb7 29.c5 Rc7
30.Ka4 Rac8 31.Kb5 Nd7 32.R1d5 Rb8+ 33.Rb6 Nxb6 34.cxb6 Ke6 35.Kxa5 Rc2 36.Bc5 Ra2+
37.Kb5 Rb2+ 38.Kc6 R8xb6+ 39.Bxb6 Rxg2 40.Rd6+ Ke7 41.Bc5 Ke8 42.Rd7 f6 43.Ra7 Rxh2
44.Kd5 Rh3 45.Ke6 Kd8 46.Bd6 Kc8 47.Rc7+ Kb8 48.Rxg7+ Ka8 49.Kxf6 Rxf3+ 50.Kxe5 h5
51.Kd5 h4 52.e5 h3 53.e6 h2 54.Rg8+  1-0

[Event "FSGM July"]
[Site "Budapest HUN"]
[Date "2006.07.07"]
[Round "7"]
[White "Fogarasi,T"]
[Black "Kristjansson,St"]
[Result "1/2-1/2"]
[WhiteElo "2435"]
[BlackElo "2491"]

1.e4 c5 2.Nf3 e6 3.d4 cxd4 4.Nxd4 Nc6 5.Nc3 Qc7 6.Be2 a6 7.Be3 b5 8.Nxc6 Qxc6
9.O-O Bb7 10.Bf3 Qc7 11.Re1 Bd6 12.h3 Bh2+ 13.Kh1 Be5 14.Bd4 d6 15.a4 bxa4
16.Nxa4 Nf6 17.Bxe5 dxe5 18.Ra3 O-O 19.Rc3 Bc6 20.Nc5 Rfd8 21.Qe2 Qb6 22.Nb3 a5
23.Qe3 Qb7 24.Qc5 Bxe4 25.Nxa5 Qxb2 26.Bxe4 Nxe4 27.Rxe4 Qa1+ 28.Kh2 Qxa5
29.Qxe5 Qa6 30.Re1 g6  1/2-1/2

[Event "35th TCh-GRE"]
[Site "Ermioni GRE"]
[Date "2006.07.07"]
[Round "5"]
[White "Navara,D"]
[Black "Macieja,B"]
[Result "1-0"]
[WhiteElo "2719"]
[BlackElo "2613"]

1.Nf3 c5 2.e4 e6 3.d4 cxd4 4.Nxd4 Nc6 5.Nc3 a6 6.Nxc6 bxc6 7.Bd3 d5 8.O-O Nf6
9.Re1 Bb7 10.Qf3 Be7 11.Qg3 g6 12.Bh6 Nd7 13.exd5 exd5 14.Re2 Nc5 15.Rae1 Ne6
16.Rxe6 fxe6 17.Qe5 Rg8 18.Qxe6 Rf8 19.Bg5 Rf7 20.Bxg6 hxg6 21.Qxg6 Qd7 22.Rxe7+ Qxe7
23.Bxe7 Kxe7 24.Na4 Rf6 25.Qg7+ Rf7 26.Qe5+ Kf8 27.Nc5 Kg8 28.Ne6 Re7 29.Qg5+ Kf7
30.Qf5+ Ke8 31.Qf8+ Kd7 32.Nc5+  1-0

[Event "35th TCh-GRE"]
[Site "Ermioni GRE"]
[Date "2006.07.07"]
[Round "6"]
[White "Ziogas,P"]
[Black "Komninos,N"]
[Result "1-0"]
[WhiteElo "2139"]
[BlackElo "2149"]

1.e4 c5 2.Nf3 e6 3.d4 cxd4 4.Nxd4 Nc6 5.Nc3 Qc7 6.g3 a6 7.Bg2 d6 8.O-O Bd7
9.Re1 Be7 10.Nxc6 Bxc6 11.Qg4 h5 12.Qe2 h4 13.Be3 hxg3 14.hxg3 Nf6 15.a4 Kf8
16.Bd4 e5 17.Be3 Rc8 18.a5 g6 19.Bb6 Qd7 20.Nd5 Bxd5 21.exd5 Kg7 22.c4 Qe8
23.b4 Nd7 24.Be3 f5 25.Red1 Qg8 26.Rac1 Qh7 27.c5 Qh2+ 28.Kf1 Nf6 29.c6 bxc6
30.dxc6 Ng4 31.Bb6 Bg5 32.Qxa6 Bxc1 33.Qb7+ Kh6 34.Rxc1 f4 35.Qd7 Kg5 36.Qxd6 Rhf8
37.Qe7+ Rf6 38.Rc5 Ne3+ 39.Ke2 Ng4 40.Rxe5+ Kh6 41.Bf3 Nxe5 42.Qxf6 Nxf3
43.Qxf4+ Ng5 44.Be3 Qh5+ 45.g4 Qh4 46.b5 Re8 47.Kd2 Rxe3 48.Kxe3 Qh3+ 49.Kd4 Qa3
50.c7 Qb4+ 51.Ke3 Qe1+ 52.Kd3 Qb1+ 53.Kc4 Qa2+ 54.Kc5 Qa3+ 55.Kb6  1-0

[Event "XIII Luigi Serra"]
[Site "Montecatini Terme ITA"]
[Date "2006.07.07"]
[Round "8"]
[White "Cornette,M"]
[Black "Piscopo,P"]
[Result "1/2-1/2"]
[WhiteElo "2447"]
[BlackElo "2393"]

1.e4 c5 2.Nf3 e6 3.d4 cxd4 4.Nxd4 Nc6 5.Nc3 Nf6 6.Nxc6 bxc6 7.e5 Nd5 8.Ne4 Qc7
9.f4 c5 10.Be2 Bb7 11.Bf3 c4 12.O-O  1/2-1/2

[Event "XXIV Andorra Open"]
[Site "Andorra la Vella AND"]
[Date "2006.07.08"]
[Round "1"]
[White "Cabrera Trujillo,J"]
[Black "De la Riva Aguado,O"]
[Result "0-1"]
[WhiteElo "2159"]
[BlackElo "2531"]

1.e4 c5 2.Nf3 e6 3.d4 cxd4 4.Nxd4 Nc6 5.Nc3 Qc7 6.Be3 Nf6 7.Bd3 a6 8.O-O Nxd4
9.Bxd4 Bc5 10.Bxc5 Qxc5 11.Kh1 d6 12.f3 O-O 13.Na4 Qa5 14.c4 b5 15.cxb5 axb5
16.Nc3 Bd7 17.Qd2 Rfd8 18.b4 Qxb4 19.Rab1 Qd4 20.Nxb5 Bxb5 21.Rxb5 d5 22.exd5 Rxd5
23.Rd1 g6 24.g3 Rad8 25.Rb3 e5 26.Qe2 e4 27.fxe4 Nxe4 28.Rf1 Nc5 29.Bc4 Nxb3
30.axb3 Rf5 31.Rxf5 gxf5 32.h3 Qc3 33.Qe7 Qf3+  0-1

[Event "II Balazs-Diak Cup U-18"]
[Site "Balatonlelle HUN"]
[Date "2006.07.08"]
[Round "8"]
[White "Miovecz,A"]
[Black "Nagy,Ar"]
[Result "0-1"]
[WhiteElo "1698"]
[BlackElo "1927"]

1.e4 c5 2.Nf3 e6 3.d4 cxd4 4.Nxd4 Nc6 5.Nc3 Qc7 6.f3 a6 7.Be3 Nf6 8.Be2 b5
9.O-O Be7 10.Qd2 Bb7 11.Bd3 O-O 12.Nce2 d5 13.Ng3 dxe4 14.Nxe4 Nxd4 15.Bxd4 Nxe4
16.fxe4 Bc5 17.Bxc5 Qxc5+ 18.Kh1 Qe5 19.b3 Rad8 20.Qf4 Qxf4 21.Rxf4 e5 22.Rf3 Rd4
23.Re1 f5 24.Rg3 fxe4 25.Bf1 Rd2 26.Rc3 e3 27.Rc7 e2 28.Rxe2 Rxf1+  0-1

[Event "35th TCh-GRE"]
[Site "Ermioni GRE"]
[Date "2006.07.08"]
[Round "7"]
[White "Kotronias,V"]
[Black "Macieja,B"]
[Result "0-1"]
[WhiteElo "2601"]
[BlackElo "2613"]

1.e4 c5 2.Nf3 e6 3.d4 cxd4 4.Nxd4 Nc6 5.Nc3 Qc7 6.Be3 a6 7.Qd2 Nf6 8.O-O-O Bb4
9.f3 Ne5 10.Nb3 b5 11.Kb1 Be7 12.Qf2 d6 13.Bb6 Qb8 14.Bd4 O-O 15.g4 Bb7 16.g5 Nfd7
17.Na5 Nc6 18.Nxc6 Bxc6 19.Rg1 b4 20.Ne2 d5 21.exd5 Bxd5 22.f4 Rc8 23.Ng3 g6
24.h4 a5 25.Bg2 Bxg2 26.Qxg2 a4 27.h5 b3 28.cxb3 axb3 29.hxg6 fxg6 30.a3 Qxf4
31.Qh3 Nf8 32.Rgf1 Qc7 33.Bc3 Rd8 34.Ne4 Rxd1+ 35.Rxd1 Qf4 36.Qg2 Rd8 37.Re1 Qe3
38.Qf1 Qd3+ 39.Qxd3 Rxd3 40.a4 Rd8 41.a5 Nd7 42.Rd1 Nb8 43.Rxd8+ Bxd8 44.Kc1 Nc6
45.a6 Bb6 46.Nf6+ Kf7 47.Nd7 Be3+ 48.Kd1 Ke7 49.Ke2 Bg1 50.Ne5 Nb8 51.Bb4+ Ke8
52.Kd3 Nxa6 53.Bd6 Nc5+ 54.Bxc5 Bxc5 55.Kc4 Be3 56.Nf3 Bf4 57.Kxb3 e5 58.Kc4 e4
59.Nd4 Bxg5 60.b4 Bf4 61.Ne6 g5 62.b5 Ke7 63.Nc5 e3 64.Kd3 h5  0-1

[Event "ch-SWE"]
[Site "Gothenburg SWE"]
[Date "2006.07.09"]
[Round "8"]
[White "Sagit,R"]
[Black "Cicak,S"]
[Result "1/2-1/2"]
[WhiteElo "2265"]
[BlackElo "2532"]

1.e4 c5 2.Nf3 Nc6 3.Nc3 e6 4.d4 cxd4 5.Nxd4 Qc7 6.a3 Nf6 7.Nxc6 dxc6 8.Qf3 Bd6
9.Bd2 O-O 10.Be2 Rb8 11.h4 b5 12.h5 Nd7 13.h6 g6 14.Rd1 a6 15.g3 c5 16.Bf4 Ne5
17.Qe3 Bb7 18.O-O Ba8 19.Rd2 c4 20.Qd4 Rbd8 21.Qxd6 Rxd6 22.Bxe5 Rxd2 23.Bxc7 Rxc2
24.Bd1 Rxb2 25.Bf4 b4 26.axb4 Rd8 27.Be2 Rxb4 28.Ra1 Bb7 29.Ra2 f6 30.Bc7 Rc8
31.Ba5 Rb3 32.Bd1 Rc5 33.Bxb3 cxb3 34.Ra3 b2 35.Rb3 Rxa5 36.Rxb7 Rc5 37.Rxb2 Rxc3
38.Rb8+ Kf7 39.Rb7+ Kg8 40.Rg7+ Kf8 41.Rxh7 Rc5 42.Rg7 Rh5 43.Rxg6 Kf7 44.Rg7+ Kf8
45.Ra7 Rxh6 46.Rxa6 Ke7 47.f4 Rh5 48.Ra7+ Kf8 49.Kg2 Rb5 50.Ra4 Rb3 51.Kh3 Re3
52.Kh4 Kf7 53.f5 Re1 54.Kg4 exf5+ 55.exf5 Rh1 56.Ra7+ Kg8 57.Ra3 Kg7 58.Ra2 Kg8
59.Kf3 Kg7 60.Ra7+ Kg8 61.g4 Re1 62.Rb7 Kf8 63.Kf4 Kg8 64.Rb6 Kf7 65.Rb3 Kg7
66.Re3 Ra1  1/2-1/2

[Event "COQ"]
[Site "Montreal CAN"]
[Date "2006.07.09"]
[Round "3"]
[White "Dupuis,S"]
[Black "Kunte,A"]
[Result "0-1"]
[WhiteElo "2183"]
[BlackElo "2535"]

1.e4 c5 2.Nf3 e6 3.d4 cxd4 4.Nxd4 Nc6 5.Nc3 d6 6.Be2 Nf6 7.O-O Be7 8.Be3 O-O
9.f4 a6 10.Kh1 Bd7 11.a4 Rc8 12.Nb3 Na5 13.e5 Ne8 14.Nxa5 Qxa5 15.Qd4 Bc6
16.Rfd1 dxe5 17.Qxe5 Qc7 18.Bd3 Bd6 19.Qg5 f5 20.Ne2 Rf6 21.Qh4 Rg6 22.Rg1 Nf6
23.Nd4 Rh6 24.Qg3 Ng4 25.Nxf5 exf5 26.Bxf5 Rxh2+ 27.Qxh2 Nxh2 28.Be6+ Kh8
29.Bxc8 Qxc8 30.Kxh2 Qg4  0-1

[Event "ch-SCO"]
[Site "Troon SCO"]
[Date "2006.07.09"]
[Round "2"]
[White "Marks,I"]
[Black "Grant,A"]
[Result "0-1"]
[WhiteElo "1944"]
[BlackElo "2193"]

1.e4 c5 2.Nf3 e6 3.d4 cxd4 4.Nxd4 Nc6 5.Nc3 Qc7 6.Be3 a6 7.Bd3 Nf6 8.O-O Ne5
9.h3 Bc5 10.f4 d6 11.Qe2 Ng6 12.Nb3 Bxe3+ 13.Qxe3 b5 14.Rad1 O-O 15.Ne2 Bb7
16.f5 exf5 17.Rxf5 Rae8 18.Rxf6 gxf6 19.Ng3 d5 20.Nh5 Re5 21.Nxf6+ Kg7 22.Ng4 dxe4
23.Qh6+ Kh8 24.Nxe5 Qxe5 25.Be2 Qg3 26.Nc5 Bc6 27.Rf1 e3 28.Bf3 e2 29.Bxc6 e1=Q
30.Rxe1 Qxe1+ 31.Kh2 Qe5+  0-1

[Event "Open"]
[Site "Albarino ESP"]
[Date "2006.07.10"]
[Round "8"]
[White "Starostits,I"]
[Black "Dimitrov,Vl"]
[Result "0-1"]
[WhiteElo "2445"]
[BlackElo "2454"]

1.e4 c5 2.Nf3 e6 3.d4 cxd4 4.Nxd4 Nc6 5.Nc3 Qc7 6.Be3 a6 7.Qd2 Nf6 8.O-O-O Bb4
9.f3 Ne5 10.Bg5 Bxc3 11.Qxc3 Qxc3 12.bxc3 d6 13.Be2 Ke7 14.c4 h6 15.Bf4 Nfd7
16.Nb3 f6 17.Rd2 Nf7 18.a4 a5 19.c5 Nxc5 20.Bxd6+ Nxd6 21.Nxc5 b6 22.Rhd1 Rd8
23.Nb3 Bb7 24.Nd4 e5 25.Nb5 Nxb5 26.Bxb5 Rxd2 27.Rxd2 Rd8 28.Rxd8 Kxd8 29.Kd2 Ke7
30.Kc3 Bc8 31.Kd3 Kd6 32.c4 Kc5 33.Kc3 Be6 34.Ba6 g6 35.Bb5 f5 36.exf5 gxf5
37.Ba6 f4 38.Bb5 Bf5 39.g4 Bg6 40.h4 e4 41.h5 Bh7 42.fxe4 Bxe4 43.Be8 f3
44.Kd2 f2 45.Ke2 Bf3+ 46.Kxf2 Bxg4 47.Kg3 Be6 48.Kf4 Kd4 49.Bg6 Bd7 50.Bc2 Kc3
51.Bd1 Kd2 52.Bb3 Be8 53.Kg4 Ke3 54.Bd1 Bd7+ 55.Kg3 Be6 56.Bb3 Bf5 57.Bd1 Bd7
58.Bb3 Be8 59.Kg4 Kd2 60.Kh4 Ke3 61.Kg4 Kd2 62.Kh4 Kc3 63.Bd1 Kxc4 64.Kg4 Kc3
65.Kf5 Kd2 66.Bf3 Bxa4 67.Kg6 Be8+ 68.Kxh6 a4 69.Kg5 a3 70.Bd5 Bxh5 71.Kxh5 b5
72.Kg4 b4  0-1

[Event "XXIV Andorra Open"]
[Site "Andorra la Vella AND"]
[Date "2006.07.10"]
[Round "3"]
[White "Fernandez Garcia,JoseL"]
[Black "Sharma,Di"]
[Result "1-0"]
[WhiteElo "2474"]
[BlackElo "2358"]

1.e4 c5 2.Nf3 e6 3.d4 cxd4 4.Nxd4 Nc6 5.Nc3 Qc7 6.Be2 a6 7.O-O Nf6 8.Be3 Bb4
9.Na4 O-O 10.c4 Bd6 11.g3 Nxe4 12.c5 Be5 13.Rc1 Rd8 14.Nf3 Nf6 15.Nxe5 Nxe5
16.Nb6 Rb8 17.Bf4 d6 18.Qd4 Nfd7 19.Nxd7 Qxd7 20.Bxe5 dxe5 21.Qxe5 Ra8 22.Rfd1 Qe7
23.Rxd8+ Qxd8 24.Rd1 Qe7 25.Bf3 f6 26.Qd6 Qxd6 27.Rxd6 Kf7 28.Bxb7 Bxb7 29.Rd7+ Kg6
30.Rxb7 Rc8 31.b4 a5 32.a3 axb4 33.axb4 e5 34.Kf1  1-0

[Event "XXIX Open"]
[Site "Barbera del Valles ESP"]
[Date "2006.07.10"]
[Round "6"]
[White "Teske,H"]
[Black "Epishin,V"]
[Result "1/2-1/2"]
[WhiteElo "2501"]
[BlackElo "2565"]

1.e4 c5 2.Nf3 Nc6 3.d4 cxd4 4.Nxd4 e6 5.Nc3 Qc7 6.Be3 a6 7.Qd2 Nxd4 8.Qxd4 b5
9.O-O-O Bb7 10.f3 Rc8 11.Qb6  1/2-1/2

[Event "35th TCh-GRE"]
[Site "Ermioni GRE"]
[Date "2006.07.10"]
[Round "9"]
[White "Socko,B"]
[Black "Navara,D"]
[Result "0-1"]
[WhiteElo "2621"]
[BlackElo "2719"]

1.e4 c5 2.Nf3 e6 3.d4 cxd4 4.Nxd4 Nc6 5.Nc3 Qc7 6.Be3 a6 7.Be2 Nf6 8.a3 Be7
9.f4 d6 10.g4 Nxd4 11.Qxd4 e5 12.Qd1 exf4 13.Bxf4 Be6 14.g5 Nd7 15.Nd5 Bxd5
16.Qxd5 Qxc2 17.Bxd6 Qxb2 18.Rd1 Qc3+ 19.Kf1 Bxd6 20.Qxd6 Qc6 21.Qd4 O-O-O
22.Bg4 Rhe8 23.Bf5 Kc7 24.Qxg7 Qc2 25.Qa1 Nc5 26.Rc1 Qd3+ 27.Kf2 Qd2+ 28.Kf3 Rd3+
29.Kg4 Qg2+  0-1

[Event "35th TCh-GRE"]
[Site "Ermioni GRE"]
[Date "2006.07.10"]
[Round "9"]
[White "Sokolov,And1"]
[Black "Tassopoulos,M"]
[Result "1-0"]
[WhiteElo "2589"]
[BlackElo "2270"]

1.e4 c5 2.Nf3 e6 3.d4 cxd4 4.Nxd4 Nc6 5.Nc3 Qc7 6.Be2 a6 7.O-O Nf6 8.Kh1 Nxd4
9.Qxd4 Bc5 10.Qd2 Be7 11.Qe3 d6 12.f4 b5 13.e5 Nd7 14.exd6 Bxd6 15.Ne4 Be7
16.Bd2 Bb7 17.Bc3 Nf6 18.Nxf6+ Bxf6 19.Bxf6 gxf6 20.Bf3 Rd8 21.Bxb7 Qxb7
22.Rad1 Rxd1 23.Rxd1 O-O 24.f5 exf5 25.Qg3+ Kh8 26.Qd6 Re8 27.Qxf6+ Kg8 28.Qxf5 Qe4
29.Qxe4 Rxe4 30.Kg1 Re2 31.Rc1 b4 32.a3 a5 33.axb4 axb4 34.b3 Kg7 35.h3 Kg6
36.c3 bxc3 37.Rxc3 Rb2 38.Kh2 Kg5 39.Kg3 h5 40.h4+ Kf5 41.Rc5+ Ke4 42.Rc4+ Ke5
43.Rb4 f6 44.Kf3 Kf5 45.Rb5+ Kg6 46.g3 Rc2 47.g4 hxg4+ 48.Kxg4 Rf2 49.h5+ Kh7
50.b4 Rf1 51.Rc5 Kg7 52.b5 Rf2 53.Rc7+ Kh6 54.Rf7 Rg2+ 55.Kf4 Kxh5 56.Rxf6 Rg4+
57.Ke5 Rb4 58.Rb6 Kg5 59.Rb8  1-0

[Event "21st North Sea Cup"]
[Site "Esbjerg DEN"]
[Date "2006.07.10"]
[Round "4"]
[White "Djuric,S"]
[Black "Feuerstack,A"]
[Result "1-0"]
[WhiteElo "2466"]
[BlackElo "2327"]

1.e4 c5 2.Nf3 e6 3.Nc3 Nc6 4.d4 cxd4 5.Nxd4 Nf6 6.a3 Qb6 7.Nxc6 dxc6 8.e5 Nd7
9.f4 f6 10.Bd3 fxe5 11.Qh5+ Kd8 12.fxe5 Be7 13.Bg5 Qxb2 14.Bxe7+ Kxe7 15.Qh4+ g5
16.Qxg5+ Ke8 17.Kd2 Qb6 18.Rhf1 Qc5 19.Rae1 Qe7 20.Qh5+ Kd8 21.Rf7 Qxa3 22.Qh4+ Kc7
23.Qd4  1-0

[Event "ch-SWE"]
[Site "Gothenburg SWE"]
[Date "2006.07.10"]
[Round "9"]
[White "Hector,J"]
[Black "Sagit,R"]
[Result "1-0"]
[WhiteElo "2508"]
[BlackElo "2265"]

1.e4 c5 2.Nc3 Nc6 3.Nge2 e6 4.d4 cxd4 5.Nxd4 Qc7 6.Be3 Bb4 7.Nb5 Qb8 8.Qg4 g6
9.a3 Be7 10.Qg3 Qxg3 11.hxg3 Kf8 12.O-O-O b6 13.Be2 Nf6 14.Bh6+ Kg8 15.Nd6 Bxd6
16.Rxd6 Ne8 17.Rd2 f6 18.f4 a6 19.Rhd1 b5 20.e5 Nd8 21.Bf3 Rb8 22.f5 gxf5
23.exf6 Nf7 24.Be3 d5 25.Bd4 Ned6 26.Re2 Ne4 27.g4 e5 28.Ba7 Nxc3 29.bxc3 Ra8
30.Bc5 e4 31.gxf5 Bxf5 32.Bh5 Be6 33.Re3 h6 34.Rg3+ Ng5 35.Be3 Rc8 36.Bxg5 hxg5
37.Rxg5+ Kf8 38.g4 Rxc3 39.Re5 Rxh5 40.gxh5 Kf7 41.Rf1 Rf3 42.Rxf3 exf3 43.Kd2 Kxf6
44.h6 Bg8 45.Re8 Bh7 46.c3  1-0

[Event "Open"]
[Site "Kavala GRE"]
[Date "2006.07.11"]
[Round "9"]
[White "Palekha,A"]
[Black "Marjanovic,Slavo"]
[Result "1/2-1/2"]
[WhiteElo "2353"]
[BlackElo "2494"]

1.Nc3 c5 2.e4 e6 3.Nf3 Nc6 4.d4 cxd4 5.Nxd4 Qc7 6.g3 a6 7.Bg2 d6 8.O-O Bd7
9.Re1 Be7 10.Nxc6 Bxc6 11.Qg4 h5 12.Qe2 h4 13.a4 hxg3 14.hxg3 Nf6 15.Be3 Rc8
16.Rad1 Kf8 17.Bf4 Nd7 18.Nb5 axb5 19.axb5 g6 20.bxc6 bxc6 21.Qd2 Ne5 22.b3 Kg7
23.Bxe5+ dxe5 24.Qd7 Bb4 25.Qxc7 Rxc7  1/2-1/2

[Event "COQ"]
[Site "Montreal CAN"]
[Date "2006.07.11"]
[Round "5"]
[White "Dupuis,S"]
[Black "Fareh,Y"]
[Result "1/2-1/2"]
[WhiteElo "2183"]
[BlackElo "2200"]

1.e4 c5 2.Nf3 e6 3.d4 cxd4 4.Nxd4 Nc6 5.Nc3 Nf6 6.Be2 Bb4 7.Bg5 Qa5 8.Bxf6 Bxc3+
9.bxc3 Qxc3+ 10.Kf1 gxf6 11.Nb5 Qe5 12.Rb1 O-O 13.Rb3 Kh8 14.Rh3 a6 15.Nd6 Ne7
16.Nc4 Qc5 17.Bd3 Rg8 18.Nd6 Rg7 19.Ne8 Rg6 20.f4  1/2-1/2

[Event "6th TCh-Euro u18"]
[Site "Balatonlelle HUN"]
[Date "2006.07.12"]
[Round "1"]
[White "Bojovic,D"]
[Black "Pap,G"]
[Result "0-1"]
[WhiteElo "2153"]
[BlackElo "2412"]

1.e4 c5 2.Nf3 e6 3.d4 cxd4 4.Nxd4 Nc6 5.Nc3 d6 6.Be3 Nf6 7.f3 Be7 8.g4 O-O
9.Qd2 a6 10.O-O-O Nxd4 11.Bxd4 b5 12.Kb1 Bb7 13.Rg1 Nd7 14.Qf2 b4 15.Na4 Bc6
16.Nb6 Nxb6 17.Bxb6 Qb8 18.Bd3 Qb7 19.g5 a5 20.Bd4 e5 21.Be3 d5 22.exd5 Bxd5
23.Qh4 g6 24.Be4 Rad8 25.Bxd5 Rxd5 26.Qe4 Rfd8 27.Kc1 Qb5 28.Rxd5 Rxd5 29.h4 a4
30.Rd1 Rxd1+ 31.Kxd1 a3 32.bxa3 bxa3 33.c4 Qb2 34.Qc2 Qa1+ 35.Ke2 Qb2 36.Kd3 Qb7
37.c5 Qxf3 38.c6 Bb4 39.Qb3 Bd6 40.Qc4 Bc7 41.Kd2 Ba5+ 42.Kc2 Qxe3 43.c7 Qf2+  0-1

[Event "XXIX Open"]
[Site "Barbera del Valles ESP"]
[Date "2006.07.12"]
[Round "8"]
[White "Lopez Martinez,J"]
[Black "Teske,H"]
[Result "0-1"]
[WhiteElo "2481"]
[BlackElo "2501"]

1.e4 c5 2.Nf3 Nc6 3.d4 cxd4 4.Nxd4 e6 5.Nc3 Qc7 6.Be3 a6 7.Qd2 Nxd4 8.Bxd4 Ne7
9.O-O-O b5 10.Qe3 Bb7 11.a3 Rc8 12.f4 Nc6 13.Bb6 Qb8 14.Kb1 Be7 15.Be2 b4
16.axb4 Nxb4 17.Bf3 Bc6 18.Bd4 O-O 19.e5 Qb7 20.Rd2 Rb8 21.Bxc6 Nxc6 22.Ne4 Rfc8
23.Bc3 Na5 24.Re2 Nc4 25.Qg3 Nxb2 26.Nf6+ Kh8  0-1

[Event "XXIX Open"]
[Site "Barbera del Valles ESP"]
[Date "2006.07.12"]
[Round "8"]
[White "Esquivel,L"]
[Black "Macaya Ruiz,A"]
[Result "0-1"]
[WhiteElo "2186"]
[BlackElo "2051"]

1.e4 c5 2.Nf3 e6 3.d4 cxd4 4.Nxd4 Nc6 5.Nc3 Qc7 6.Ndb5 Qb8 7.Be3 Be7 8.Be2 Nf6
9.f4 d6 10.O-O O-O 11.Qe1 a6 12.Nd4 Bd7 13.Rd1 Nxd4 14.Bxd4 Bc6 15.e5 dxe5
16.Bxe5 Qa7+ 17.Kh1 b5 18.Bd3 g6 19.f5 exf5 20.Rxf5 Ng4 21.Qg3 Ne3 22.Rd2 Nxf5
23.Bxf5 Rad8 24.Bd3 b4 25.Ne2 Be4 26.h4 Bxd3 27.cxd3 Qd7 28.b3 Bd6 29.Bxd6 Qxd6
30.Nf4 Rc8 31.Rf2 Rfe8 32.Rf1 Rc2 33.Qf3 Qf6 34.Nd5 Qxf3 35.Rxf3 Rb8 36.h5 Kg7
37.h6+ Kxh6 38.Rxf7 Rxa2 39.Kh2 Rb5 40.Nf6 g5 41.Ng4+ Kg6 42.Rf6+ Kg7 43.Rc6 h5
44.Ne3 Re5 45.Rc7+ Kf8 46.Rc2 Rxc2 47.Nxc2 a5 48.Kg3 Re2  0-1

[Event "Open"]
[Site "Condom FRA"]
[Date "2006.07.12"]
[Round "6"]
[White "Massoni,M"]
[Black "Fillon,D"]
[Result "1/2-1/2"]
[WhiteElo "2047"]
[BlackElo "2187"]

1.e4 c5 2.Nc3 e6 3.Nf3 Nc6 4.d4 cxd4 5.Nxd4 Nf6 6.Ndb5 Bb4 7.Nd6+ Ke7 8.Bf4 e5
9.Nf5+ Kf8 10.Bg5 d5 11.exd5 Bxf5 12.dxc6 Qxd1+ 13.Rxd1 bxc6 14.Bd3 Bxd3
15.Rxd3 Ne4 16.Bd2 Nxd2 17.Kxd2 Ke7 18.Re1 f6 19.f4 Bd6 20.Na4 Bc7 21.Nc5 Rad8
22.fxe5 Bxe5 23.c3 Kf7 24.h3 h5 25.Re4 Rxd3+ 26.Nxd3 Ke6 27.Ra4 Bc7 28.Ra6 Bb6
29.a4 Kd7 30.a5 Bg1 31.Nb4 Rc8 32.c4  1/2-1/2

[Event "ch-Paris"]
[Site "Paris FRA"]
[Date "2006.07.12"]
[Round "5"]
[White "Rohit,G"]
[Black "Karr,JP"]
[Result "0-1"]
[WhiteElo "2399"]
[BlackElo "2394"]

1.e4 c5 2.Nf3 e6 3.d4 cxd4 4.Nxd4 Nc6 5.Nc3 Qc7 6.Be3 a6 7.Qd2 Nf6 8.O-O-O Bb4
9.f3 Ne5 10.Kb1 Be7 11.f4 Ng6 12.e5 Ng4 13.Bg1 b5 14.h3 Nh6 15.g4 Bb7 16.Bg2 Nxf4
17.Bxb7 Qxb7 18.Qxf4 Qxh1 19.g5 Nf5 20.Nxf5 exf5 21.Nd5 Bd8 22.Qxf5 O-O 23.Qg4 Rc8
24.b3 Kh8 25.h4 Re8 26.Bc5 Qh2 27.b4 Bc7 28.Nxc7 Rxc7 29.Qf5 Qe2 30.Rd5 Kg8
31.Qf4 a5 32.a3 axb4 33.axb4 Ra8 34.Qf2 Qe4 35.Qd4 Qe1+ 36.Qd1 Qc3  0-1

[Event "XXIV Andorra Open"]
[Site "Andorra la Vella AND"]
[Date "2006.07.13"]
[Round "6"]
[White "Abhyudaya,R"]
[Black "Fluvia,J"]
[Result "1-0"]
[WhiteElo "2079"]
[BlackElo "2482"]

1.e4 c5 2.Nf3 e6 3.d4 cxd4 4.Nxd4 Nc6 5.Nc3 Qc7 6.Be2 a6 7.O-O Nf6 8.Be3 Bb4
9.Na4 O-O 10.Nxc6 bxc6 11.Nb6 Rb8 12.Nxc8 Rfxc8 13.Bxa6 Rf8 14.Qf3 Bd6 15.h3 Be5
16.Bd3 Rxb2 17.g4 d5 18.exd5 Nxd5 19.a4 Rb4 20.Bd2 Rbb8 21.Rab1 Ra8 22.a5 Bf4
23.Be1 Rfd8 24.c4 Ne7 25.Bc3 Ng6 26.Rb6 f5 27.Rfb1 Nh4 28.Qe2 Qd6 29.Bc2 e5
30.gxf5 Qf6 31.Be4 Rac8 32.Qg4 Rc7 33.Qxf4 exf4 34.Bxf6 gxf6 35.Bxc6 Rd3
36.Bd5+ Kg7 37.a6 Kh6 38.Rb7 Rc8 39.a7 Rxh3 40.Rb8 Rc7 41.a8=Q f3 42.Rg8  1-0

[Event "ch-SUI"]
[Site "Lenzerheide SUI"]
[Date "2006.07.13"]
[Round "1"]
[White "Kuemin,S"]
[Black "Pelletier,Y"]
[Result "0-1"]
[WhiteElo "2389"]
[BlackElo "2583"]

1.e4 c5 2.Nf3 e6 3.d4 cxd4 4.Nxd4 Nc6 5.Nc3 Qc7 6.Be3 a6 7.Bd3 Nf6 8.O-O Nxd4
9.Bxd4 Bc5 10.Bxc5 Qxc5 11.Kh1 d6 12.Qe1 e5 13.f4 O-O 14.b4 Qxb4 15.fxe5 Ng4
16.exd6 Qxd6 17.Qh4 Ne5 18.Nd5 Be6 19.Ne7+ Kh8 20.Rad1 f6 21.Nf5 Bxf5 22.exf5 Rad8
23.Rfe1 Qc5 24.Qh5 b5 25.Re4 h6 26.Rde1 Rd5 27.Rf4 Rxd3 28.cxd3 Nxd3 29.Qh4 Rd8
30.Ref1 Nxf4 31.Qxf4 Qc2 32.a3 Rd2 33.Qg4 Rf2  0-1

[Event "Inautomarket Open"]
[Site "Minsk BLR"]
[Date "2006.07.13"]
[Round "4"]
[White "Kurnosov,I"]
[Black "Tunik,G"]
[Result "1-0"]
[WhiteElo "2540"]
[BlackElo "2488"]

1.e4 c5 2.Nf3 e6 3.d4 cxd4 4.Nxd4 Nc6 5.Nc3 a6 6.Nxc6 bxc6 7.Bd3 d5 8.O-O Nf6
9.Re1 Be7 10.e5 Nd7 11.Qg4 g6 12.Na4 h5 13.Qf4 Nb6 14.Bd2 Nxa4 15.Qxa4 Bd7
16.c4 Qb6 17.Qc2 dxc4 18.Bxc4 c5 19.Rad1 Bb5 20.Bb3 Kf8 21.a4 Be8 22.Bc4 Qb7
23.Be3 Kg7 24.Rd6 h4 25.Bxc5 h3 26.Bf1 Rc8 27.Rc1 Rh5 28.b4 a5 29.Rb6 Qd5
30.Qc4 axb4 31.Qxd5 exd5 32.Bxe7 Rxc1 33.Bf6+ Kf8 34.g4 Rh7 35.a5 d4 36.Rxb4 Ra1
37.Rxd4 Rxa5 38.Rd8 g5 39.f3 Rh6 40.Kf2 Rc5 41.Bd3 Ra5 42.Bc4 Rc5 43.Bb3 Ra5
44.Bd5 Ra6 45.Bc4 Rb6 46.Kg3 Rb1 47.Ra8 Rg1+ 48.Kf2 Rb1 49.Bd5 Rb6 50.Be4 Rhxf6
51.exf6 Rxf6 52.Ra5 Rh6 53.Rxg5 f6 54.Ra5 Bf7 55.Kg3 Be6 56.Ra7 Bc4 57.Rc7 Bf1
58.f4 Be2 59.Bf5 Bf1 60.Ra7 Bg2 61.Be6 Ke8 62.Bc4 Kf8 63.Rf7+ Ke8 64.Be6 Bf1
65.f5 Be2 66.Rg7 Kf8 67.Rc7 Bb5 68.g5 fxg5 69.Kg4 Be8 70.Kxg5 Rh5+ 71.Kf6 Rh4
72.Rc3 Rh7 73.Rc8 Ra7 74.Ke5 Ra5+ 75.Bd5 Ke7 76.f6+ Kd7 77.Rb8 Bh5 78.Rb7+ Ke8
79.Re7+ Kd8 80.Kd6 Be8 81.Rh7 Ra6+ 82.Ke5 Bg6 83.Rxh3 Ra5 84.Rh8+ Kd7 85.Rb8 Bh5
86.Rb7+ Ke8 87.Rh7 Bg6 88.Rb7 Kd8 89.Rg7 Bb1 90.Rg8+ Kd7 91.f7 Rxd5+ 92.Kxd5 Ba2+
93.Ke5 Bxf7 94.Ra8 Ke7 95.Ra7+ Ke8 96.Kf6  1-0

[Event "Blue Sevan"]
[Site "Sevan ARM"]
[Date "2006.07.13"]
[Round "1"]
[White "Harutjunyan,G"]
[Black "Melkumyan,H"]
[Result "0-1"]
[WhiteElo "2383"]
[BlackElo "2360"]

1.e4 c5 2.Nf3 e6 3.d4 cxd4 4.Nxd4 Nc6 5.Nc3 Qc7 6.Be3 a6 7.Qd2 Nf6 8.f3 Bb4
9.O-O-O Ne7 10.Nde2 d5 11.Bg5 dxe4 12.Bxf6 gxf6 13.Qd4 exf3 14.Qxb4 fxe2
15.Bxe2 f5 16.Rd6 Bd7 17.Rhd1 Bc6 18.Qd4 O-O 19.g4 f4 20.h4 f3 21.Bc4 Rac8
22.h5 Bd5 23.Nxd5 Nxd5 24.Rxd5 exd5 25.h6 f6 26.Bxd5+ Kh8 27.Rd2 Rcd8 28.Rf2 Qe5
29.Qxe5 fxe5 30.c4 b5 31.b3 bxc4 32.bxc4 e4 33.Kd2 Rf4 34.g5 Rg4 35.Ke3 Re8
36.Bf7 Rf8 37.Bd5 a5 38.Bb7 a4 39.c5 Rd8 40.Ba6 Rxg5 41.Rc2 Rg2 42.Rc1 Rdd2
43.Kxe4 Rc2 44.Rb1 f2 45.Kd4 Rg4+ 46.Ke3 Rg8 47.Bd3 Re8+ 48.Kd4 Rd8+  0-1

[Event "10th Petr Izmailov Mem"]
[Site "Tomsk RUS"]
[Date "2006.07.13"]
[Round "5"]
[White "Kasimdzhanov,R"]
[Black "Rublevsky,S"]
[Result "1/2-1/2"]
[WhiteElo "2672"]
[BlackElo "2667"]

1.e4 c5 2.Nf3 e6 3.d4 cxd4 4.Nxd4 Nc6 5.Nc3 d6 6.g4 a6 7.Be3 Nge7 8.g5 b5
9.a3 Bb7 10.Nxc6 Nxc6 11.Qd2 Rc8 12.f4 Qa5 13.Rd1 b4 14.axb4 Qxb4 15.Bg2 Na5
16.Ne2 Qxd2+ 17.Bxd2 Nc4 18.Bc1 h6 19.h4 hxg5 20.hxg5 Rxh1+ 21.Bxh1  1/2-1/2

[Event "ch-Paris"]
[Site "Paris FRA"]
[Date "2006.07.14"]
[Round "7"]
[White "Rohit,G"]
[Black "Dourerassou,J"]
[Result "1/2-1/2"]
[WhiteElo "2399"]
[BlackElo "2336"]

1.e4 c5 2.Nf3 e6 3.d4 cxd4 4.Nxd4 Nc6 5.Nc3 Nf6 6.Nxc6 bxc6 7.e5 Nd5 8.Ne4 Qc7
9.f4 Qb6 10.c4 Bb4+ 11.Ke2 f5 12.Nf2 Ba6 13.Kf3 Ne7 14.Be3 Bc5 15.Bxc5 Qxc5
16.Qd6 Qb6 17.b3 c5 18.Rd1 Bb7+ 19.Kg3 Qxd6 20.exd6 Ng6 21.h4 e5 22.Nd3 exf4+
23.Kf2 Rc8 24.h5 Nf8 25.Nxf4 Kf7 26.Re1 Ne6 27.Nd3 Kf6 28.Ne5 Rcd8 29.Kg3 Ng5
30.Bd3 Rhf8 31.Rhf1 g6 32.Ng4+ Kg7 33.Re7+ Rf7 34.Ne5 Rxe7 35.dxe7 Re8 36.Nxd7 Ne6
37.Re1 Kf7 38.hxg6+ hxg6 39.Ne5+ Kxe7 40.Nxg6+ Kf6 41.Nh4 Rg8+ 42.Kf2 Nd4
43.Be2 Rh8 44.Nf3 Bxf3 45.Bxf3 a5 46.Bd1 Rd8 47.Rh1 Kg6 48.Bh5+ Kg5 49.Bf7 a4
50.bxa4 Ra8 51.Rb1  1/2-1/2